Selective detection of HFC and HCFC refrigerants using a surface acoustic wave sensor system /
Bewaard in:
| Andere auteurs: | , , , , |
|---|---|
| Formaat: | Artikel |
| Taal: | English |
| Onderwerpen: | |
| Tags: |
Voeg label toe
Geen labels, Wees de eerste die dit record labelt!
|
| Thư viện lưu trữ: | Thư viện Trường Đại học Đà Lạt |
|---|
| LEADER | 01012nam a2200337 4500 | ||
|---|---|---|---|
| 001 | DLU090097407 | ||
| 005 | ##20091201 | ||
| 040 | # | # | |a DLU |b eng |
| 041 | # | # | |a eng |
| 044 | # | # | |a us |
| 245 | # | # | |a Selective detection of HFC and HCFC refrigerants using a surface acoustic wave sensor system / |c Florian Bender ... [et al.]. |
| 653 | # | # | |a Air pollution |
| 653 | # | # | |a Coolant |
| 653 | # | # | |a Leak detection |
| 653 | # | # | |a Surface acoustic wave sensors |
| 653 | # | # | |a Trace analysis |
| 700 | # | # | |a Bender, Florian. |
| 700 | # | # | |a Marcoll, Joachim. |
| 700 | # | # | |a Rapp, Michael. |
| 700 | # | # | |a Skrypnik, Aleksandr. |
| 700 | # | # | |a Voigt, Achim. |
| 773 | # | # | |t Analytical Chemistry |g Vol. 75, no. 19 (October 2003), p. 5262-5266 |
| 920 | # | # | |a Phòng Tạp chí -- Trung tâm Thông tin - Thư viện Trường Đại học Đà Lạt |
| 994 | # | # | |a DLU |
| 900 | # | # | |a True |
| 911 | # | # | |a Trương Bảo Trâm Anh |
| 925 | # | # | |a G |
| 926 | # | # | |a A |
| 927 | # | # | |a BB |
| 980 | # | # | |a Thư viện Trường Đại học Đà Lạt |